000 00930nam a2200169 a 4500
008 120416s1972 ||||||||||||||||| || u
050 _aHB 884 Int
110 _aInternational Students' Seminar held at
245 1 0 _aPopulation overgrowth
_cedited by Lalit P. Agarwal [and others]
246 _aa challenge to young physicians
260 _aNew Delhi
_bAll India Institute of Medical Sciences
_c1972
350 _a0.00
650 _aPOPULATION OVERGROWTH
995 _aANNEX COLLECTION (Main Library)
_D0.00
_e710064
_FCBU-MAIN LIBRARY (Kitwe)
_H3
_I0.00
_jHB 884 Int
_M3
_UAVAILABLE
_y002580
_ZAnnex Low-Usage Collection
995 _aANNEX COLLECTION (Main Library)
_D0.00
_e710066
_FCBU-MAIN LIBRARY (Kitwe)
_H1
_I0.00
_jHB 884 Int
_M1
_UAVAILABLE
_y002579
_ZAnnex Low-Usage Collection
995 _aANNEX COLLECTION (Main Library)
_D0.00
_e710065
_FCBU-MAIN LIBRARY (Kitwe)
_H2
_I0.00
_jHB 884 Int
_M2
_UAVAILABLE
_y002581
_ZAnnex Low-Usage Collection
999 _c82065
_d82065